000 00400nam a2200181Ia 4500
005 20240921120622.0
008 240921s9999||||xx |||||||||||||| ||und||
041 _aENGLISH
082 _A669.142
100 _aGupta V K
245 0 _aSteel Tables
250 _a1st
260 _bNew Heights,
500 _aRolled Steel Beams
650 _aTables
_bMechanical
942 _cBK
999 _c247153
_d247153